000 00994nam0a22002891 4500
001 rc\4795021
005 20250612215906.0
021 _aRU
_b[67-101146]
035 _a(NLR Aleph) 008868578
090 _a8506686
_c8506686
100 _a20130426d1967 |||y0rusy50 ca
101 0 _arus
102 _aRU
105 _aa z |||||
200 1 _aШаги. 1917-1967
_e[Сборник
210 _aНовосибирск
_cЗап.-Сиб. кн. изд-во
_d1967]
215 _a425 с.
_cил.
_d21х21
300 _aВ вып. дан. сост.: Падерин Г.Н., Яновский Н.Н.
606 _aКоммунистическое строительство
_yСибирь
_2psbo
607 _aСибирь
_xИстория
_jСборники
_2psbo
702 1 _aПадерин
_bГ.Н.
_gГеннадий Никитич
_4220
702 1 _aЯновский
_bН.Н.
_4220
801 0 _aRU
_bNLR
_gpsbo
801 1 _aRU
_bELAR
_2rusmarc
852 _aNLR
_j68-5/124
942 _cBOOK
980 _aNB